| 000 | 00664cas a2200181 4500 | ||
|---|---|---|---|
| 008 | 151023n eng u | ||
| 020 | _a9781555813970 | ||
| 035 | _a(Sirsi) a193546 | ||
| 050 | _aQR67 DIA 2009. | ||
| 245 |
_aDiagnostic microbiology of the immunocompromised host / _c edited by Randall T. Hayden ... [et al.]. |
||
| 260 |
_aWashington, D.C. : _b ASM Press, _ c2009. |
||
| 300 | _axiii, 478 p. : ill. | ||
| 500 | _aIncludes bibliographical references and index. | ||
| 650 | _aDiagnostic microbiology--Technique. | ||
| 650 | _aImmunological deficiency syndromes--Diagnosis. | ||
| 650 | _aOpportunistic infections. | ||
| 700 | _aHayden, Randall T. | ||
| 999 |
_c50151 _d50151 |
||